Elementary differential equations and boundary value problems /
Guardado en:
| Autor Principal: | |
|---|---|
| Otros Autores: | |
| Formato: | Libro |
| Idioma: | English |
| Publicado: |
New York :
Wiley,
c1977.
|
| Edición: | 3rd ed. |
| Materias: | |
| Etiquetas: |
Agregar Etiqueta
Sin Etiquetas, Sea el primero en etiquetar este registro!
|
| LEADER | 01191cam a2200241 a 4500 | ||
|---|---|---|---|
| 001 | MAT.inmabb003147 | ||
| 008 | 751222s1977####nyua#####b####001#0#eng## | ||
| 005 | 20130315140639.0 | ||
| 245 | 1 | 0 | |a Elementary differential equations and boundary value problems / |c William E. Boyce and Richard C. DiPrima. |
| 250 | |a 3rd ed. | ||
| 260 | |a New York : |b Wiley, |c c1977. | ||
| 300 | |a 652 p. en varias paginaciones : |b il. ; |c 24 cm. | ||
| 504 | |a Incluye referencias bibliográficas. | ||
| 505 | 8 | |a Capítulos: First order differential equations -- Second order linear equations -- Series solutions of second order linear equations -- Higher order linear equations -- The Laplace transform -- Systems of first order linear equations -- Numerical methods -- Nonlinear differential equations and stability -- Partial differential equations and Fourier series -- Boundary value problems and Sturm-Liouville theory. | |
| 020 | |a 0471093343 | ||
| 100 | 1 | |a Boyce, William E. | |
| 700 | 1 | |a DiPrima, Richard C. | |
| 650 | 0 | |a Differential equations. | |
| 650 | 0 | |a Boundary value problems. | |
| 084 | |a 34-01 |2 msc2000 | ||
| 010 | |a 75045093 | ||
| 040 | |a DLC |c DLC |d DLC | ||
| 859 | |h 34 |i B789-3 |p A-4540 |b BIB. MATEMATICA | ||
